[Event "ICS rated standard match"]
[Site "204.178.125.65"]
[Date "2001.01.03"]
[Round "?"]
[White "BrazilianMaster"]
[Black "Hossa"]
[Result "1-0"]
[WhiteElo "2599"]
[BlackElo "2299"]
[PlyCount "107"]
[EventDate "2001.??.??"]

1. c4 c5 2. Nc3 Nf6 3. g3 d5 4. cxd5 Nxd5 5. Bg2 Nc7 6. Nf3 Nc6 7. Qa4 Bd7 8.
Qe4 g6 9. Ne5 Bg7 10. Nxd7 Qxd7 11. O-O f5 12. Qa4 e6 13. d3 O-O 14. Be3 Bd4
15. Bf4 Nd5 16. Nxd5 exd5 17. Rac1 b6 18. b4 Rad8 19. e3 Nxb4 20. Qxd7 Rxd7 21.
exd4 Nxd3 22. dxc5 bxc5 23. Rb1 Nxf4 24. gxf4 c4 25. Rb5 Rfd8 26. Rc5 Kf7 27.
Rd1 Ke6 28. Kf1 h6 29. Re1+ Kf6 30. Re5 d4 31. Rxc4 d3 32. Ke1 Rb8 33. Rd5 Re7+
34. Kd1 Rb1+ 35. Kd2 Rb2+ 36. Kxd3 Rxf2 37. Rd6+ Kg7 38. Bd5 Rxh2 39. Rc8 Rh3+
40. Kd4 Rh4 41. Rg8+ Kh7 42. Rgxg6 Rxf4+ 43. Kd3 Rh4 44. Bg8+ Kh8 45. Be6 Rh3+
46. Kd4 Rh4+ 47. Ke5 f4 48. Kf6 Re8 49. Kf7 Rh5 50. Kxe8 Kh7 51. Kf7 Rg5 52.
Rxg5 hxg5 53. Bf5+ Kh8 54. Rh6# {Hossa checkmated} 1-0

[Event "ICS rated blitz match"]
[Site "204.178.125.65"]
[Date "2001.01.03"]
[Round "?"]
[White "mharket"]
[Black "Hossa"]
[Result "1-0"]
[WhiteElo "2788"]
[BlackElo "2542"]
[PlyCount "111"]
[EventDate "2001.??.??"]

1. e4 e5 2. Nf3 d6 3. d4 exd4 4. Nxd4 Nf6 5. Nc3 Be7 6. Bc4 O-O 7. O-O Nc6 8.
h3 Nxd4 9. Qxd4 c6 10. a4 Be6 11. Bxe6 fxe6 12. e5 Nd5 13. Bd2 Nxc3 14. Bxc3 d5
15. Qg4 Rf5 16. a5 Qd7 17. f4 Raf8 18. Bd2 Bc5+ 19. Kh2 Bd4 20. Rfb1 Qe7 21. c3
Bc5 22. b4 Bf2 23. Rf1 Bh4 24. Be3 h5 25. Qg6 Bg5 26. g3 Bh6 27. Kg2 Qe8 28.
Qxe8 Rxe8 29. g4 hxg4 30. hxg4 Rxe5 31. fxe5 Bxe3 32. Rf3 Bg5 33. a6 Rb8 34.
axb7 Rxb7 35. Ra6 Rc7 36. Kf2 Be7 37. Ke3 Kh7 38. Kd3 Kh6 39. b5 Bh4 40. Rxc6
Re7 41. c4 Kg5 42. cxd5 Kxg4 43. d6 Kxf3 44. dxe7 Bxe7 45. Rxe6 Bd8 46. Re8 Bg5
47. Rg8 g6 48. Rxg6 Bd8 49. Rg7 Bb6 50. e6 Kf4 51. e7 Kf5 52. e8=Q Bd8 53. Qe4+
Kf6 54. Rg6+ Kf7 55. Qe6+ Kf8 56. Rg8# {Hossa checkmated} 1-0

[Event "ICS rated standard match"]
[Site "204.178.125.65"]
[Date "2001.01.03"]
[Round "?"]
[White "Hossa"]
[Black "BrazilianMaster"]
[Result "0-1"]
[WhiteElo "2294"]
[BlackElo "2604"]
[PlyCount "66"]
[EventDate "2001.??.??"]

1. Nf3 c5 2. e4 e6 3. Nc3 a6 4. d4 cxd4 5. Nxd4 Nc6 6. Nxc6 bxc6 7. Bd3 d5 8.
O-O Bd6 9. exd5 exd5 10. Re1+ Ne7 11. Qh5 h6 12. Be3 O-O 13. Na4 Rb8 14. b3 Ng6
15. Bxh6 gxh6 16. Bxg6 fxg6 17. Qxg6+ Kh8 18. Qxh6+ Kg8 19. Qg6+ Kh8 20. Qh5+
Kg7 21. g3 Qf6 22. f4 Rh8 23. Qe2 Bf5 24. Qf2 Rh3 25. Qa7+ Kh8 26. Qxa6 Qd4+
27. Kg2 Bxf4 28. c3 Rxh2+ 29. Kxh2 Qf2+ 30. Kh1 Qf3+ 31. Kg1 Qxg3+ 32. Kf1 Qf3+
33. Kg1 Rg8# {Hossa checkmated} 0-1

[Event "ICS rated standard match"]
[Site "204.178.125.65"]
[Date "2001.01.03"]
[Round "?"]
[White "Emit-Flesti"]
[Black "Hossa"]
[Result "0-1"]
[WhiteElo "2040"]
[BlackElo "2289"]
[PlyCount "50"]
[EventDate "2001.??.??"]

1. e4 d5 2. exd5 Qxd5 3. Nc3 Qa5 4. d4 c6 5. Nf3 Nf6 6. Ne5 Bf5 7. g4 Be6 8.
Bg2 Nbd7 9. Nxd7 Bxd7 10. h3 O-O-O 11. O-O h5 12. g5 Nd5 13. Bd2 Qb6 14. Nxd5
cxd5 15. Bf4 Bb5 16. Re1 e6 17. a4 Ba6 18. b3 Bd6 19. Bxd6 Rxd6 20. Qd2 Qc7 21.
Rac1 Kb8 22. c4 dxc4 23. bxc4 Rhd8 24. d5 Bxc4 25. Qb2 exd5 {
Emit-Flesti resigns} 0-1

[Event "ICS rated blitz match"]
[Site "204.178.125.65"]
[Date "2001.01.03"]
[Round "?"]
[White "Hossa"]
[Black "SupermanFN"]
[Result "1-0"]
[WhiteElo "2536"]
[BlackElo "2020"]
[PlyCount "47"]
[EventDate "2001.??.??"]

1. e4 e6 2. d4 d5 3. e5 c5 4. c3 Nc6 5. Nf3 f6 6. Bb5 Qc7 7. O-O fxe5 8. Nxe5
Nf6 9. Bf4 Bd6 10. Nd2 O-O 11. Bxc6 bxc6 12. Qe2 cxd4 13. cxd4 Nd7 14. Nxd7
Qxd7 15. Bxd6 Qxd6 16. Nb3 Rf6 17. Rac1 a5 18. Nc5 Rh6 19. f4 Qe7 20. g3 Bd7
21. Rfe1 Rf8 22. Qa6 Rg6 23. Qb7 Rf7 24. f5 {SupermanFN resigns} 1-0

[Event "ICS rated blitz match"]
[Site "204.178.125.65"]
[Date "2001.01.03"]
[Round "?"]
[White "mharket"]
[Black "Hossa"]
[Result "1-0"]
[WhiteElo "2811"]
[BlackElo "2538"]
[PlyCount "125"]
[EventDate "2001.??.??"]

1. e4 e6 2. d4 d5 3. Nd2 c5 4. exd5 exd5 5. Ngf3 a6 6. Be2 c4 7. O-O Nc6 8. Re1
Be7 9. b3 cxb3 10. axb3 Nf6 11. c3 O-O 12. Ne5 Re8 13. Bd3 Bd6 14. f4 Qc7 15.
Bb2 Qb6 16. Kh1 Be6 17. h3 Re7 18. Qe2 Qc7 19. Qf2 Rae8 20. Qf3 Qc8 21. Re2 Bf5
22. Bxf5 Qxf5 23. g4 Qe6 24. c4 Bb4 25. g5 Ne4 26. Nxe4 dxe4 27. Qxe4 Qc8 28.
Rd1 a5 29. Rd3 Nxe5 30. fxe5 a4 31. bxa4 Qxc4 32. d5 Qa6 33. Rf2 Qxa4 34. d6
Re6 35. Qxb7 Rf8 36. Rd4 Qb3 37. Rxb4 Qxh3+ 38. Kg1 Qg3+ 39. Qg2 Qe3 40. Rbf4
h6 41. gxh6 Rxh6 42. Bd4 Qd3 43. Rg4 Qb1+ 44. Rf1 Qd3 45. Rxg7+ Kh8 46. Rg4 Kh7
47. e6 Qxd4+ 48. Rxd4 Rg8 49. Rxf7+ Kh8 50. d7 Rxg2+ 51. Kxg2 Rg6+ 52. Kf3 Rf6+
53. Rxf6 Kg7 54. Rff4 Kh7 55. Ke2 Kh6 56. Rf3 Kg6 57. e7 Kg5 58. Rf1 Kh6 59.
Rg4 Kh5 60. Rgg1 Kh6 61. d8=Q Kh7 62. e8=Q Kh6 63. Qg6# {Hossa checkmated} 1-0

[Event "ICS rated blitz match"]
[Site "204.178.125.65"]
[Date "2001.01.03"]
[Round "?"]
[White "Hossa"]
[Black "ChesterX"]
[Result "0-1"]
[WhiteElo "2532"]
[BlackElo "2673"]
[PlyCount "142"]
[EventDate "2001.??.??"]

1. e4 e5 2. Nf3 Nc6 3. Bb5 a6 4. Bxc6 dxc6 5. O-O f6 6. d4 exd4 7. Nxd4 c5 8.
Nb3 Qxd1 9. Rxd1 Bg4 10. f3 Be6 11. Be3 b6 12. a4 Bd6 13. a5 Be5 14. Nc3 Ne7
15. Na4 Bxb3 16. cxb3 bxa5 17. Nxc5 O-O 18. Rxa5 Rfd8 19. Rxd8+ Rxd8 20. f4
Bxb2 21. Rxa6 f5 22. Ra2 Bc3 23. Rc2 fxe4 24. Rxc3 Nd5 25. Bd2 Nxc3 26. Bxc3 e3
27. Kf1 Rd1+ 28. Ke2 Rc1 29. Bb4 Rc2+ 30. Kxe3 Rxg2 31. h4 Kf7 32. Ba5 c6 33.
Ke4 g6 34. Nd7 Ke7 35. Ne5 Kd6 36. Kd4 c5+ 37. Kc4 Rh2 38. Nd3 Rxh4 39. Be1 Rh2
40. Nxc5 Rc2+ 41. Kd4 Rc1 42. Bd2 Rd1 43. Kc4 h5 44. Bc3 h4 45. Ne4+ Ke6 46.
Nf2 Rf1 47. Nh3 Kf5 48. Bd4 Rf3 49. Ng1 Rxf4 50. Ne2 Rg4 51. Ng1 g5 52. b4 Rg3
53. Ne2 Rg2 54. Ng1 g4 55. b5 h3 56. b6 h2 57. b7 hxg1=Q 58. Bxg1 Rb2 59. Bh2
Rxb7 60. Bg3 Ke4 61. Bh2 Rd7 62. Kc5 Rd3 63. Bb8 g3 64. Kc6 g2 65. Bh2 Rd1 66.
Bg3 g1=Q 67. Bh4 Rc1+ 68. Kd7 Qd4+ 69. Ke6 Rc7 70. Be7 Qg7 71. Bf6 Rc6# {
Hossa checkmated} 0-1

[Event "ICS rated standard match"]
[Site "204.178.125.65"]
[Date "2001.01.03"]
[Round "?"]
[White "Hossa"]
[Black "Chatime"]
[Result "1-0"]
[WhiteElo "2295"]
[BlackElo "2105"]
[PlyCount "89"]
[EventDate "2001.??.??"]

1. e4 c5 2. Nf3 Nc6 3. d4 cxd4 4. Nxd4 g6 5. Nc3 Bg7 6. Be3 Nf6 7. f3 d5 8. Bb5
Bd7 9. Nxd5 Nxd5 10. exd5 Nxd4 11. Bxd4 Bxd4 12. Bxd7+ Qxd7 13. Qxd4 O-O 14.
O-O b5 15. Rfe1 Rac8 16. c3 Rfd8 17. Rad1 Qb7 18. Qe5 Rc7 19. Rd4 Rcd7 20. Qg5
Rxd5 21. Rxe7 Qb6 22. Qf4 Rf5 23. Qe3 Rxd4 24. cxd4 Rd5 25. Rd7 Rxd7 26. Qe8+
Kg7 27. Qxd7 Qa5 28. Qe7 Qxa2 29. Qe5+ f6 30. Qxb5 Qb1+ 31. Kf2 Qd1 32. Qd7+
Kh6 33. Kg3 Qd2 34. h3 f5 35. Qd8 Qxb2 36. Qh4+ Kg7 37. Qe7+ Kg8 38. Qxa7 Qd2
39. Qb8+ Kf7 40. Qc7+ Kg8 41. Qe5 Qg5+ 42. Kh2 Kf7 43. d5 Qe7 44. f4 Ke8 45. d6
{Chatime resigns} 1-0

[Event "ICS rated bullet match"]
[Site "204.178.125.65"]
[Date "2001.01.03"]
[Round "?"]
[White "Hossa"]
[Black "Good-Boy"]
[Result "0-1"]
[WhiteElo "2544"]
[BlackElo "2843"]
[PlyCount "140"]
[EventDate "2001.??.??"]

1. e4 c5 2. d4 cxd4 3. Nf3 e6 4. Nxd4 a6 5. Bd3 Bc5 6. Nb3 Ba7 7. e5 Nc6 8. Qe2
d6 9. exd6 Qxd6 10. O-O Nb4 11. Rd1 Qc7 12. Nc3 Nxd3 13. Qxd3 Bd7 14. Ne4 Nf6
15. Nd6+ Kf8 16. Bf4 Bc6 17. Be3 Bxe3 18. Qxe3 Bd5 19. Qc5 Qxc5 20. Nxc5 Ke7
21. Ndxb7 Bxb7 22. Nxb7 Rhb8 23. Na5 Rxb2 24. Nc6+ Ke8 25. Nd4 Rd8 26. a3 Ne4
27. Nc6 Rc8 28. Nd4 Rc4 29. Rd3 a5 30. h4 Nc5 31. Rd2 Rc3 32. g3 a4 33. Nc6 Nd7
34. Nb4 Ne5 35. Rdd1 Ke7 36. Kg2 Nc4 37. g4 Nxa3 38. Nd3 Rbxc2 39. Kg3 Rb3 40.
f3 Rcc3 41. Ne1 Rc4 42. Ra2 Nb1 43. Rc2 Nc3 44. Ra1 a3 45. g5 f6 46. Kh3 Rd4
47. Rh2 a2 48. Rf2 Ra4 49. gxf6+ Kxf6 50. Rf1 Ne2 51. Nc2 Rc3 52. Ne1 Rc1 53.
Rxc1 Nxc1 54. Nc2 Rb4 55. f4 Rb2 56. Na1 Nb3 57. Re1 Rb1 58. Re2 Rxa1 59. Kh2
Nc1 60. Re3 Rb1 61. Ra3 a1=Q 62. Rxa1 Rxa1 63. Kg3 Kf5 64. Kf3 Ra3+ 65. Kf2
Nd3+ 66. Kg1 h5 67. Kf1 Ra2 68. Kg1 Kxf4 69. Kf1 Kg3 70. Kg1 Ra1# {
Hossa checkmated} 0-1

[Event "ICS rated standard match"]
[Site "204.178.125.65"]
[Date "2001.01.03"]
[Round "?"]
[White "BoeserOnkel"]
[Black "Hossa"]
[Result "1-0"]
[WhiteElo "2714"]
[BlackElo "2303"]
[PlyCount "123"]
[EventDate "2001.??.??"]

1. e4 c5 2. Nf3 d6 3. d4 cxd4 4. Nxd4 Nf6 5. Nc3 e6 6. Be2 a6 7. O-O Be7 8. f4
Nc6 9. Kh1 O-O 10. Be3 Qc7 11. Qe1 Bd7 12. Qg3 d5 13. e5 Nxd4 14. Bxd4 Ne4 15.
Nxe4 dxe4 16. Qe3 Qc6 17. Rfd1 f6 18. c3 fxe5 19. Bxe5 Rad8 20. Qg3 Bf6 21. Rd6
Qc8 22. Bxf6 Rxf6 23. Rad1 Qc7 24. Qe3 Rf7 25. Qd4 b5 26. Bg4 Re8 27. Rxd7 Qxf4
28. Rxf7 Kxf7 29. g3 Qc7 30. Qxe4 Qc4 31. Rd7+ Kg8 32. Qxc4 bxc4 33. Rd6 e5 34.
Be6+ Kf8 35. Bxc4 a5 36. a4 e4 37. Rd5 Ra8 38. Rf5+ Ke8 39. Re5+ Kf8 40. Rxe4
g6 41. Kg2 Kg7 42. Re7+ Kh6 43. b3 Rc8 44. Ra7 Rc5 45. h4 g5 46. Bd3 gxh4 47.
gxh4 Kh5 48. Kh3 Rc6 49. Rxa5+ Kh6 50. Ra7 Rg6 51. a5 Rg7 52. Rxg7 Kxg7 53. a6
h6 54. a7 Kf6 55. a8=Q Ke7 56. Qb7+ Ke6 57. Qc7 h5 58. Bc4+ Kf6 59. Qd6+ Kg7
60. Qe7+ Kg6 61. Bd3+ Kh6 62. Qf6# {Hossa checkmated} 1-0

[Event "ICS rated blitz match"]
[Site "204.178.125.65"]
[Date "2001.01.03"]
[Round "?"]
[White "Hossa"]
[Black "N-DeFirmian"]
[Result "0-1"]
[WhiteElo "2519"]
[BlackElo "2469"]
[PlyCount "86"]
[EventDate "2001.??.??"]

1. d4 d6 2. e4 g6 3. Nc3 a6 4. Nf3 Bg7 5. Bc4 b5 6. Bd3 Bb7 7. a4 b4 8. Nd5 a5
9. O-O Nd7 10. Be3 e6 11. Nf4 Ngf6 12. Ng5 Qe7 13. f3 O-O 14. Ne2 c5 15. Bb5
cxd4 16. Bxd4 Rfd8 17. Nc1 e5 18. Be3 d5 19. Bxd7 Rxd7 20. Nd3 dxe4 21. Nxe4
Nxe4 22. fxe4 Bxe4 23. Qe2 Bxd3 24. cxd3 Qd6 25. Rad1 Rc8 26. Qf2 h5 27. Bb6
Rc6 28. Be3 Qd5 29. Qe2 Qb3 30. Qf3 Rcd6 31. Qa8+ Kh7 32. Qxa5 Rxd3 33. Rxd3
Rxd3 34. Bc5 e4 35. Qxb4 Qd5 36. Bf8 Bd4+ 37. Kh1 e3 38. Qe7 Qf5 39. Rb1 Rd2
40. Rc1 e2 41. Qxe2 Rxe2 42. Bd6 Qf2 43. Rd1 Qxg2# {Hossa checkmated} 0-1

[Event "ICS rated blitz match"]
[Site "204.178.125.65"]
[Date "2001.01.03"]
[Round "?"]
[White "N-DeFirmian"]
[Black "Hossa"]
[Result "0-1"]
[WhiteElo "2470"]
[BlackElo "2501"]
[PlyCount "68"]
[EventDate "2001.??.??"]

1. e4 c5 2. Nf3 d6 3. d4 cxd4 4. Nxd4 Nf6 5. Nc3 e6 6. Bg5 Be7 7. Qd2 O-O 8.
O-O-O h6 9. Bxf6 Bxf6 10. Kb1 Re8 11. f4 d5 12. e5 Be7 13. g4 Nc6 14. Nce2 Bd7
15. h4 Bxh4 16. Bg2 Rc8 17. Bf3 Be7 18. Qe3 Bc5 19. Qf2 Qb6 20. g5 Ba3 21. b3
Nxd4 22. Nxd4 Qc5 23. Qe1 hxg5 24. fxg5 Qc3 25. Qxc3 Rxc3 26. Rh4 Re3 27. Bh5
Rxe5 28. Rf1 g6 29. Bxg6 fxg6 30. Rfh1 Bf8 31. Rh8+ Kf7 32. Nf3 Rf5 33. Nh4
Rxg5 34. Rf1+ Kg7 {N-DeFirmian resigns} 0-1

[Event "ICS rated blitz match"]
[Site "204.178.125.65"]
[Date "2001.01.03"]
[Round "?"]
[White "Hossa"]
[Black "N-DeFirmian"]
[Result "1-0"]
[WhiteElo "2516"]
[BlackElo "2455"]
[PlyCount "85"]
[EventDate "2001.??.??"]

1. e4 c6 2. d4 e6 3. Nf3 d6 4. Bd3 Nd7 5. O-O e5 6. c3 Be7 7. Kh1 Ngf6 8. b3
O-O 9. Bb2 Re8 10. Nbd2 h6 11. a3 Qc7 12. Rc1 Nf8 13. Qe2 Ng6 14. Nc4 Nh7 15.
dxe5 dxe5 16. Rfd1 Ng5 17. Nxg5 Bxg5 18. Rb1 Be6 19. Bc1 Rad8 20. Bxg5 hxg5 21.
Qc2 Nf4 22. Bf1 g6 23. a4 Kg7 24. Ra1 Rh8 25. Rxd8 Rxd8 26. Rd1 Rxd1 27. Qxd1
Bxc4 28. Bxc4 Nh5 29. Kg1 Nf6 30. Qd3 Qd7 31. Qxd7 Nxd7 32. b4 b6 33. h3 Kf8
34. g3 Ke7 35. Bd3 Kd6 36. f3 a5 37. Bc4 Ke7 38. b5 Nc5 39. bxc6 Nxa4 40. Bb5
Nxc3 41. c7 Nxb5 42. c8=Q Nd6 43. Qc7+ {N-DeFirmian resigns} 1-0

[Event "ICS rated blitz match"]
[Site "204.178.125.65"]
[Date "2001.01.03"]
[Round "?"]
[White "Hossa"]
[Black "N-DeFirmian"]
[Result "1-0"]
[WhiteElo "2541"]
[BlackElo "2430"]
[PlyCount "62"]
[EventDate "2001.??.??"]

1. e4 e6 2. d4 d5 3. e5 c5 4. c3 Nc6 5. Nf3 Bd7 6. dxc5 Bxc5 7. b4 Bb6 8. b5
Na5 9. Be2 Ne7 10. O-O Rc8 11. a4 h6 12. Bd3 O-O 13. Qc2 Nf5 14. Ba3 Re8 15.
Rd1 Nc4 16. Bxf5 exf5 17. Rxd5 Qc7 18. Bd6 Nxd6 19. exd6 Qc4 20. Rd3 f4 21.
Nbd2 Qe6 22. Re1 Qxe1+ 23. Nxe1 Rxe1+ 24. Nf1 Rce8 25. Rd2 R8e5 26. h3 f3 27.
Qd3 R5e2 28. gxf3 Bxf2+ 29. Kg2 Rxd2 30. Qxd2 Bh4 31. Ng3 g6 {
N-DeFirmian resigns} 1-0

[Event "ICS rated standard match"]
[Site "204.178.125.65"]
[Date "2001.01.03"]
[Round "?"]
[White "Hossa"]
[Black "bibo"]
[Result "1-0"]
[WhiteElo "2300"]
[BlackElo "2129"]
[PlyCount "133"]
[EventDate "2001.??.??"]

1. e4 c5 2. Nf3 d6 3. d4 Nf6 4. Nc3 cxd4 5. Nxd4 a6 6. Bg5 e6 7. f4 Nc6 8. Nxc6
bxc6 9. e5 h6 10. Bh4 g5 11. fxg5 Nd5 12. Ne4 Qb6 13. c3 dxe5 14. Qc2 hxg5 15.
Bxg5 f5 16. Nf6+ Kf7 17. Nxd5 exd5 18. Be2 Rxh2 19. O-O-O Rxh1 20. Rxh1 Bg7 21.
Bh5+ Kg8 22. Bg6 Rb8 23. Bh7+ Kf8 24. Bxf5 e4 25. Bg6 Rb7 26. Qd2 Be5 27. Be3
Qb5 28. Qf2+ Kg7 29. Be8 Kg8 30. Rf1 Bf5 31. Bxc6 Qxc6 32. Qxf5 Bg7 33. Qg5 Rd7
34. Rf5 a5 35. Qh5 Qe6 36. Kd1 Rd6 37. Bc5 Rd7 38. Ke1 a4 39. g4 e3 40. Qg5 Qe4
41. Bxe3 Qb1+ 42. Bc1 d4 43. cxd4 Qe4+ 44. Be3 Qb1+ 45. Ke2 Qxb2+ 46. Kf3 Qxa2
47. Qg6 Rf7 48. Qc6 Rxf5+ 49. gxf5 Qf7 50. Qxa4 Qxf5+ 51. Ke2 Qe4 52. Kd2 Qg2+
53. Kc3 Qe4 54. Qa2+ Kh7 55. Qh2+ Kg8 56. Qh3 Qc6+ 57. Kd2 Qc4 58. Qd7 Qb4+ 59.
Ke2 Qc4+ 60. Ke1 Qb4+ 61. Kf2 Qf8+ 62. Ke2 Qf7 63. Qc8+ Kh7 64. Qc6 Qh5+ 65.
Kd2 Qh2+ 66. Kc3 Qh6 67. Bxh6 {bibo resigns} 1-0

[Event "ICS rated blitz match"]
[Site "204.178.125.65"]
[Date "2001.01.03"]
[Round "?"]
[White "Bernardov"]
[Black "Hossa"]
[Result "0-1"]
[WhiteElo "2190"]
[BlackElo "2552"]
[PlyCount "88"]
[EventDate "2001.??.??"]

1. e4 e6 2. d4 d5 3. Nc3 Bb4 4. e5 c5 5. Qg4 g6 6. a3 h5 7. Qf4 Bxc3+ 8. bxc3
Qa5 9. Bd2 Qa4 10. Kd1 Ne7 11. Nf3 Nd7 12. Ng5 Nf5 13. Bd3 cxd4 14. Bxf5 gxf5
15. cxd4 a5 16. h3 b5 17. Re1 b4 18. g4 b3 19. gxf5 bxc2+ 20. Kc1 Rf8 21. fxe6
fxe6 22. Qh4 Nb6 23. Qxh5+ Kd8 24. Qh6 Ke7 25. Qg7+ Ke8 26. Nh7 Rf5 27. Bg5
Rxg5 28. Qf8+ Kd7 29. Qd6+ Ke8 30. Nxg5 Qxd4 31. Ra2 Qxf2 32. Nf3 Bd7 33. Rxc2
Qxf3 34. Qxb6 Qxa3+ 35. Qb2 Qxh3 36. Rc7 Qh4 37. Qc3 Qf4+ 38. Qe3 Qa4 39. Qc3
Rb8 40. Rh1 Qf4+ 41. Kd1 Rb1+ 42. Kc2 Rxh1 43. Rc8+ Kf7 44. Rf8+ Kxf8 {
Bernardov resigns} 0-1

[Event "ICS rated blitz match"]
[Site "204.178.125.65"]
[Date "2001.01.03"]
[Round "?"]
[White "Hossa"]
[Black "Bernardov"]
[Result "1-0"]
[WhiteElo "2556"]
[BlackElo "2186"]
[PlyCount "52"]
[EventDate "2001.??.??"]

1. e4 c5 2. Nf3 d6 3. d4 cxd4 4. Nxd4 Nf6 5. Nc3 Nc6 6. Be2 e5 7. Nf3 h6 8. O-O
Be6 9. Bb5 a6 10. Bd3 Be7 11. a3 Rb8 12. Be3 O-O 13. Qd2 Ng4 14. Nd5 Nxe3 15.
fxe3 f5 16. Rad1 Bxd5 17. exd5 e4 18. dxc6 exd3 19. Qxd3 bxc6 20. Nd4 Qc8 21.
Nxf5 Rb7 22. Qxa6 Rxf5 23. Rxf5 Qxf5 24. Qxb7 Bg5 25. Qxc6 Bxe3+ 26. Kh1 Bc5 {
Bernardov resigns} 1-0

[Event "ICS rated blitz match"]
[Site "204.178.125.65"]
[Date "2001.01.03"]
[Round "?"]
[White "TheWhisper"]
[Black "Hossa"]
[Result "0-1"]
[WhiteElo "2265"]
[BlackElo "2559"]
[PlyCount "47"]
[EventDate "2001.??.??"]

1. e4 c5 2. Nc3 Nc6 3. d3 g6 4. f4 Bg7 5. Nf3 Nf6 6. h3 d5 7. e5 Nd7 8. Be2 O-O
9. O-O f6 10. Nxd5 fxe5 11. fxe5 Ndxe5 12. c4 Nxf3+ 13. Bxf3 Bf5 14. Be3 Qd6
15. Rb1 e6 16. Bf4 Be5 17. g4 Bxf4 18. gxf5 exd5 19. Bxd5+ Kh8 20. fxg6 Qxg6+
21. Qg4 Qxd3 22. Kh1 Qc2 23. Rxf4 Qxb1+ 24. Rf1 {TheWhisper resigns} 0-1

[Event "ICS rated standard match"]
[Site "204.178.125.65"]
[Date "2001.01.03"]
[Round "?"]
[White "alkhateeb"]
[Black "Hossa"]
[Result "0-1"]
[WhiteElo "2227"]
[BlackElo "2309"]
[PlyCount "32"]
[EventDate "2001.??.??"]

1. d4 d6 2. Nf3 Nf6 3. c4 e6 4. Nc3 d5 5. Bf4 dxc4 6. e4 Bb4 7. Qa4+ Nc6 8. e5
Nd5 9. Bd2 Nb6 10. Qc2 Nxd4 11. Nxd4 Qxd4 12. f4 O-O 13. O-O-O Bd7 14. Ne4 Bc5
15. Ng5 g6 16. h4 Ba4 {alkhateeb resigns} 0-1

[Event "ICS rated blitz match"]
[Site "204.178.125.65"]
[Date "2001.01.03"]
[Round "?"]
[White "KingOfMountain"]
[Black "Hossa"]
[Result "0-1"]
[WhiteElo "2135"]
[BlackElo "2564"]
[PlyCount "102"]
[EventDate "2001.??.??"]

1. d4 d6 2. Nc3 d5 3. e4 dxe4 4. Nxe4 Nf6 5. Nxf6+ exf6 6. Nf3 Be6 7. Be3 Be7
8. c3 O-O 9. Bd3 Re8 10. Qc2 g6 11. O-O Nd7 12. Rfe1 Bf8 13. Nd2 Nb6 14. a4 Nd5
15. Ne4 f5 16. Nc5 Bxc5 17. dxc5 Nxe3 18. Rxe3 Qh4 19. Rh3 Qg5 20. Rg3 Qf4 21.
Rf3 Qe5 22. b4 Bd5 23. Re3 Qf4 24. Rae1 Rxe3 25. Rxe3 Qh4 26. h3 a5 27. b5 Qg5
28. Rg3 Qe7 29. c4 f4 30. Rg4 Be6 31. Rxf4 Qg5 32. Rf3 Qxc5 33. Qc3 Qb4 34. Be4
Qxa4 35. Bxb7 Rb8 36. Bd5 Bxd5 37. cxd5 Qd1+ 38. Kh2 Qxd5 39. Qxc7 Rxb5 40.
Qc8+ Kg7 41. Qc1 Qe5+ 42. g3 Rb2 43. Qc4 f5 44. Kg2 h5 45. Qa4 Rd2 46. Qb5 Qxb5
47. Ra3 Qd5+ 48. Rf3 Rd3 49. Kg1 Qxf3 50. g4 Rd1+ 51. Kh2 Qxf2# {
KingOfMountain checkmated} 0-1

[Event "ICS rated blitz match"]
[Site "204.178.125.65"]
[Date "2001.01.03"]
[Round "?"]
[White "Hossa"]
[Black "KingOfMountain"]
[Result "1-0"]
[WhiteElo "2566"]
[BlackElo "2133"]
[PlyCount "87"]
[EventDate "2001.??.??"]

1. e4 c5 2. Nf3 d6 3. d4 cxd4 4. Nxd4 Nf6 5. Nc3 g6 6. Be3 Bg7 7. f3 O-O 8. Qd2
Nc6 9. Bc4 Bd7 10. h4 Qa5 11. Nb3 Qc7 12. Nb5 Qd8 13. O-O-O a6 14. Nc3 b5 15.
Bd3 Ne5 16. Bd4 Nc4 17. Qf2 a5 18. g4 a4 19. Nd2 Be6 20. h5 Nxd2 21. Qxd2 b4
22. Bxf6 Bxf6 23. Nd5 Bxd5 24. hxg6 fxg6 25. exd5 b3 26. Qh6 Rf7 27. cxb3 axb3
28. axb3 Ra1+ 29. Kd2 Qa5+ 30. Ke2 Rxd1 31. Rxd1 Qxd5 32. Bc4 Qe5+ 33. Qe3
Qxb2+ 34. Rd2 Qc1 35. Qe6 Kg7 36. Qxf7+ Kh6 37. f4 Bc3 38. Qf8+ Bg7 39. Qxe7
Bc3 40. Qh4+ Kg7 41. Rxd6 Qc2+ 42. Kf3 Qf5 43. gxf5 gxf5 44. Qe7+ {
KingOfMountain resigns} 1-0

[Event "ICS rated blitz match"]
[Site "204.178.125.65"]
[Date "2001.01.03"]
[Round "?"]
[White "KingOfMountain"]
[Black "Hossa"]
[Result "0-1"]
[WhiteElo "2131"]
[BlackElo "2568"]
[PlyCount "103"]
[EventDate "2001.??.??"]

1. d4 d6 2. Nc3 d5 3. e4 dxe4 4. Nxe4 Nf6 5. Nxf6+ exf6 6. Nf3 Bd6 7. Be3 O-O
8. Bd3 Re8 9. O-O Nc6 10. c3 Bg4 11. Be2 Ne7 12. Nd2 Bxe2 13. Qxe2 Qd7 14. Qd3
Nd5 15. Nf3 Nxe3 16. fxe3 Qe6 17. Rfe1 Qg4 18. e4 Re7 19. Re2 Rae8 20. Rae1 c5
21. e5 fxe5 22. dxe5 Bc7 23. Qd5 Bb6 24. c4 Rd8 25. Qe4 Qxe4 26. Rxe4 Rde8 27.
b3 Bc7 28. Kf2 h6 29. R1e2 f6 30. e6 f5 31. R4e3 Bf4 32. Rd3 Rxe6 33. Rxe6 Rxe6
34. Rd5 Be3+ 35. Kg3 f4+ 36. Kh3 Ra6 37. a4 Kh7 38. Rd3 Re6 39. Kg4 Rg6+ 40.
Kh3 b6 41. Ne5 Re6 42. Nf3 a6 43. Kg4 Rg6+ 44. Kh3 a5 45. Ne5 Re6 46. Nf3 g5
47. Kg4 Kg6 48. h4 h5+ 49. Kh3 g4+ 50. Kh2 gxf3 51. gxf3 Bd4 52. Kh3 {
KingOfMountain resigns} 0-1

[Event "ICS rated blitz match"]
[Site "204.178.125.65"]
[Date "2001.01.03"]
[Round "?"]
[White "Hossa"]
[Black "KingOfMountain"]
[Result "1/2-1/2"]
[WhiteElo "2570"]
[BlackElo "2129"]
[PlyCount "79"]
[EventDate "2001.??.??"]

1. e4 c5 2. Nf3 d6 3. d4 cxd4 4. Nxd4 Nf6 5. Nc3 g6 6. Be3 Bg7 7. f3 O-O 8. Qd2
Nc6 9. Bc4 Bd7 10. h4 Qa5 11. Nb3 Qc7 12. Nb5 Qd8 13. O-O-O a6 14. Nc3 b5 15.
Bd3 Ne5 16. Bd4 Nc4 17. Qf2 a5 18. g4 a4 19. Nd2 Be6 20. h5 Nxd2 21. Qxd2 b4
22. Bxf6 Bxf6 23. Nd5 Bxd5 24. hxg6 fxg6 25. Qh6 Rf7 26. exd5 b3 27. cxb3 axb3
28. axb3 Qa5 29. Kc2 Qc5+ 30. Bc4 Ra2 31. Kd3 Qd4+ 32. Ke2 Rxb2+ 33. Rd2 Rxd2+
34. Qxd2 Qe5+ 35. Qe3 Qb2+ 36. Qd2 Qe5+ 37. Qe3 Qb2+ 38. Qd2 Qe5+ 39. Qe3 Qb2+
40. Qd2 {Game drawn by repetition} 1/2-1/2

[Event "ICS rated blitz match"]
[Site "204.178.125.65"]
[Date "2001.01.03"]
[Round "?"]
[White "Hossa"]
[Black "Goberman"]
[Result "1-0"]
[WhiteElo "2556"]
[BlackElo "2424"]
[PlyCount "93"]
[EventDate "2001.??.??"]

1. d4 d5 2. Nf3 Nc6 3. g3 Bg4 4. Bg2 Qd7 5. h3 Bf5 6. Nh4 Be6 7. Bf4 f6 8. Nf3
Bf5 9. g4 Be4 10. Nbd2 O-O-O 11. Nxe4 dxe4 12. Nd2 Qxd4 13. Bxe4 e5 14. Be3 Qb4
15. Bxc6 bxc6 16. a3 Qa4 17. c4 Qxd1+ 18. Rxd1 h5 19. g5 Ne7 20. gxf6 gxf6 21.
Bxa7 Nf5 22. Nb3 Rxd1+ 23. Kxd1 Rg8 24. Kc2 Rg2 25. a4 c5 26. Bxc5 Bxc5 27.
Nxc5 Rxf2 28. Kd3 Nd6 29. Rg1 Kb8 30. Rg8+ Ka7 31. Rg7 Kb6 32. Ne6 Rh2 33. c5+
Kc6 34. cxd6 Rxh3+ 35. e3 cxd6 36. b4 d5 37. Ra7 d4 38. Ra6+ Kd7 39. Ng7 Rxe3+
40. Kc4 Rf3 41. Nxh5 d3 42. Nxf6+ Kc8 43. Ne4 Re3 44. Kd5 d2 45. Nxd2 Rd3+ 46.
Kc6 Rc3+ 47. Kb5 {Goberman resigns} 1-0

[Event "ICS rated blitz match"]
[Site "204.178.125.65"]
[Date "2001.01.03"]
[Round "?"]
[White "Goberman"]
[Black "Hossa"]
[Result "0-1"]
[WhiteElo "2414"]
[BlackElo "2566"]
[PlyCount "68"]
[EventDate "2001.??.??"]

1. e4 c5 2. c3 Nf6 3. e5 Nd5 4. d4 cxd4 5. Qxd4 e6 6. Qe4 Nc6 7. Nf3 f5 8. Qe2
Be7 9. c4 Ndb4 10. a3 Qa5 11. Nc3 O-O 12. Rb1 Na2 13. Bd2 Nxc3 14. Bxc3 Qc7 15.
g3 d5 16. exd6 Bxd6 17. Bg2 f4 18. O-O fxg3 19. hxg3 Qe7 20. Rbd1 Bc7 21. b4 a5
22. b5 Nb8 23. Qb2 Nd7 24. Nd4 Nb6 25. Qa2 Na4 26. Ba1 Nc5 27. Rfe1 Qf7 28. Nf3
a4 29. Ne5 Qf5 30. Qb2 Nb3 31. Be4 Bxe5 32. Qxe5 Qxf2+ 33. Kh1 Nxa1 34. Rxa1
Rf6 {Goberman resigns} 0-1